书目信息 |
| 题名: |
汽车自动变速器构造与维修
|
|
| 作者: | 周勇 , 欧阳雪 编著 | |
| 分册: | ||
| 出版信息: | 西安 西安交通大学出版社 2018.06 |
|
| 页数: | 184页 | |
| 开本: | 26cm | |
| 丛书名: | ||
| 单 册: | ||
| 中图分类: | U472.41 , U463.212 | |
| 科图分类: | ||
| 主题词: | 汽车--自动变速装置--构造 , 汽车--自动变速装置--维修 , 汽车工程 | |
| 电子资源: | ||
| ISBN: | 978-7-5605-6222-3 | |
| 000 | 00927nam0 2200265 450 | |
| 001 | 5301 | |
| 005 | 20181015130505.72 | |
| 010 | @a978-7-5605-6222-3@dCNY68.00 | |
| 100 | @a20141218d2018 em y0chiy50 ea | |
| 101 | 0 | @achi |
| 102 | @aCN@b610000 | |
| 105 | @aa z 000yy | |
| 200 | 1 | @a汽车自动变速器构造与维修@9qi che zi dong bian su qi gou zao yu wei xiu@f周勇,欧阳雪编著 |
| 210 | @a西安@c西安交通大学出版社@d2018.06 | |
| 215 | @a184页@c图@d26cm | |
| 330 | @a本书系统地介绍了自动变速器维修基础知识和基本技能,并以最近生产的国产轿车及部分进口轿车的自动变速器为例,简要地介绍了其典型结构特点、故障诊断方法及其维修技能。 | |
| 606 | 0 | @a汽车@x自动变速装置@x构造 |
| 606 | 0 | @a汽车@x自动变速装置@x维修 |
| 606 | 0 | @a汽车工程 |
| 690 | @aU472.41@v5 | |
| 690 | @aU463.212@v4 | |
| 701 | 0 | @a周勇@9zhou yong@4编著 |
| 701 | 0 | @a欧阳雪@9ou yang xue@4编著 |
| 801 | 0 | @aCN@b91MARC@c20150426 |
| 905 | @aMuseLib@dU463.212@e806 | |
| 汽车自动变速器构造与维修/周勇,欧阳雪编著.-西安:西安交通大学出版社,2018.06 |
| 184页:图;26cm |
| ISBN 978-7-5605-6222-3:CNY68.00 |
| 本书系统地介绍了自动变速器维修基础知识和基本技能,并以最近生产的国产轿车及部分进口轿车的自动变速器为例,简要地介绍了其典型结构特点、故障诊断方法及其维修技能。 |
| ● |
| 相关链接 |
|
|
|
|
正题名:汽车自动变速器构造与维修
索取号:U463.212/806
 
预约/预借
| 序号 | 登录号 | 条形码 | 馆藏地/架位号 | 状态 | 备注 |
| 1 | 1129064 | 211290645 | 第二样本阅览室/ [索取号:U463.212/806] | 在馆 | |
| 2 | 1129065 | 211290654 | 密集书库-物理学院/ [索取号:U463.212/806] | 在馆 | |
| 3 | 1129066 | 211290663 | 第三借阅区/ [索取号:U463.212/806] | 在馆 | |
| 4 | 1129067 | 211290672 | 第三借阅区/ [索取号:U463.212/806] | 在馆 | |
| 5 | 1129068 | 211290681 | 第三借阅区/ [索取号:U463.212/806] | 在馆 |